00538cam a22001812 4500001001100000005001700011008004100028020001500069040001500084245007200099250001800171260003500189300001700224490003700241651004300278700003200321852000300353000001972520151217155902.0110122s xx 000 0 eng d a9966467475 aKABUcKABU10aAfrica under colonial domination 1880-1935 /ceditor A. Adu Boahen. aabridged ed. aNairobi :bE. A. E. P.,c1990. axxi, 357 p.0 aGeneral history of Africa ;vVII 0aAfricaxHstoryy1880-1935.@00001796351 aBoahen, A. Adu.@00000801451